| 000 | 00650nac a22001937a 4500 | ||
|---|---|---|---|
| 008 | 130122s2011 ua ||||| |||| 00| 0 eng d | ||
| 020 | _a9789777160827 | ||
| 082 |
_a615.19 _bELS _222 |
||
| 100 |
_aElshaboury, Mohammed H. _931985 |
||
| 245 |
_aNanopharmaceuticals : _b(Pharmaceutical Nanotechnology) \ _cEdited by Mohammed H. Elshaboury. |
||
| 260 |
_aMansoura, Egypt : _bMansoura university press, _c2011. |
||
| 300 |
_a343 p., _bill., _c24 cm. |
||
| 504 | _aInclude bibliographic references. | ||
| 650 |
_aNanomedicine _94192 |
||
| 650 |
_aNanotechnology _931986 |
||
| 650 |
_aPharmacy _931987 |
||
| 653 | _bPharmacy | ||
| 942 |
_2ddc _cTB _k615.19 ELS |
||
| 999 |
_c17153 _d17125 |
||